000 00610nam a22001817a 4500
003 CEME
005 20210628210245.0
008 210216b xxu||||| |||| 00| 0 eng d
020 _a969-35-0704-5
040 _c.
082 _a923.2549 MUH
100 _aMuhammad Ali Charagh
_968573
245 _aAkabreen-e-tahreek pakistan
260 _aLAHORE
_bSANG-E-MEEL
_c1997
300 _a912P
650 _aBIOGRAPHY-HAZRAT MUJADAD ALAF SANNI BIOGRAPHY-HAZRAT SHAH WALI ULLAH BIOGRAPHY-HAIDER ALI BIOGRAPHY-NAWAB SIRAJ UL DOLA BIOGRAPHY-SHAH ISMAIL SHAHEED BIOGRAPHY-SYED AHMAD SHAHEED
_978753
942 _cBK
_2ddc
999 _c583841
_d583841